000 01106nas a2200373 4500
001 BR2015002546
003 BR-BrBNA
005 20231205125318.0
007 ta
008 230509b bl.|||p| |||| 00| 00por d
040 _aBR-BrBNA
_bpor
_cBiblioteca Nacional de Agricultura
041 _a(En)
072 _aQ04
100 1 _aReque, P.M.
100 1 _aSteffens, R.S.
100 1 _aSilva, A.M. da
100 1 _aJablonski, A.
100 1 _aFlôres, S.H.
100 1 _aRios, A. de O.
100 1 _aJong, E.V. de
110 1 _a
245 1 _aCharacterization of blueberry fruits (Vaccinium spp.)and derived products
650 _aMIRTILO
650 _aPROCESSAMENTO
650 _aPROPRIEDADE FISICO-QUIMICA
650 _aALIMENTO PREPARADO
650 _aANTIOXIDANTE
650 _aANTOCIANINA
650 _aSUBPRODUTO
773 0 _tCiência e Tecnologia de Alimentos (Brazil)
_xISSN 1678-457X
_g(Oct-Dec 2014), v. 34(4) p. 773-779
_wBR2015002546
856 4 0 _uhttp://www.scielo.br/pdf/cta/v34n4/v34n4a19.pdf
909 _a202311
_bLúcia
_c55
_dLúcia Elande
942 _2AGRIS
_n0
_cANA
999 _c243736
_d243736